El problema de Marruecos (Record no. 117370)

MARC details
000 -LEADER
campo de control de longitud fija 00899nam a2200205 i 4500
001 - NÚMERO DE CONTROL
campo de control 117370
003 - IDENTIFICADOR DE NÚMERO DE CONTROL
campo de control ES-MaACL
005 - FECHA Y HORA DE LA ÚLTIMA TRANSACCIÓN
campo de control 20230906190906.0
007 - CAMPO FIJO DE DESCRIPCIÓN FÍSICA--INFORMACIÓN GENERAL
campo de control de longitud fija t|
008 - DATOS DE LONGITUD FIJA--INFORMACIÓN GENERAL
campo de control de longitud fija 071121s1933 sp |||| | spa d
100 1# - ENTRADA PRINCIPAL--NOMBRE DE PERSONA
Nombre de persona Peñate Castro, José.
9 (RLIN) 90326
245 13 - MENCIÓN DEL TÍTULO
Título El problema de Marruecos
Resto del título : memoria /
Mención de responsabilidad, etc. José Peñate Castro, secretario de la Comisión de Estudios Hispano-Africanos.
260 ## - PUBLICACIÓN, DISTRIBUCIÓN, ETC.
Lugar de publicación, distribución, etc. Madrid :
Nombre del editor, distribuidor, etc. [s.n.],
Fecha de publicación, distribución, etc. 1933.
594 ## - Nota al título y mención de responsabilidad
Nota al título y mención de responsabilidad Precede al tít. : Ateneo de Madrid. Sociedad de Estudios Internacionales y Coloniales. Curso de 1933-34.
651 #4 - PUNTO DE ACCESO ADICIONAL DE MATERIA--NOMBRE GEOGRÁFICO
Nombre geográfico Marruecos-
Subdivisión general Historia-
Subdivisión cronológica 1912-1956, Protectorado español.
9 (RLIN) 9029
710 2# - ENTRADA AGREGADA--NOMBRE DE ENTIDAD CORPORATIVA
Nombre de entidad corporativa o nombre de jurisdicción como elemento de entrada Ateneo de Madrid.
9 (RLIN) 1875
710 2# - ENTRADA AGREGADA--NOMBRE DE ENTIDAD CORPORATIVA
Nombre de entidad corporativa o nombre de jurisdicción como elemento de entrada Sociedad de Estudios Internacionales y Coloniales.
9 (RLIN) 6670
852 ## - LOCALIZACIÓN
Ubicación ES-MaACL
Número de control de estantería 1772-F-12
Nota libre - Ejemplar escrito a máquina
852 ## - LOCALIZACIÓN
Ubicación ES-MaACL
Número de control de estantería 1810-F-18
Nota libre - Ejemplar reprod. en ciclostyl, con 1 plano y dedicatoria
Holdings
Estatus retirado Estado de pérdida Estado de daño No para préstamo Colección Biblioteca de origen Biblioteca actual Ubicación en estantería Fecha de adquisición Fuente de adquisición Total de préstamos Signatura topográfica completa Código de barras Visto por última vez Precio de reemplazo Tipo de ítem Koha
        Colección de folletos Biblioteca del Ateneo de Madrid Biblioteca del Ateneo de Madrid Depósito folletos 07/02/2019     1810-F-18 1199838 23/02/2023 23/02/2023 Folleto
        Colección de folletos Biblioteca del Ateneo de Madrid Biblioteca del Ateneo de Madrid Depósito folletos 17/01/2008     1772-F-12 1122370 23/02/2023 23/02/2023 Folleto